000 00245nam a2200121Ia 4500
100 _aSHARMA/P.C.
942 _cBK
245 _aProduction technology
260 _bS.Chand & Co.
_c1999
082 _a671/SHA
300 _a643
546 _aENGLISH
999 _c17763
_d17763